1430 1309 1192 1706 1199 1007 1420 1133 1622 1665 1620 1109 1202 1566 1025 1949 1350 1873 1801 1787 1409 1739 1287 1056 1503 1514 1867 1715 1660 1750 1128 1141 1956 1021 1592 1757 1602 1831 1368 1798 1610 1993 1936 1545 1990 1280 1994 1597 1435 1705 1426 1028 1958 1917 1748 1195 1025 1833 1896 1557 1673 1003 1259 1614 1217 1722 1781 1671 1611 1063 1301 1716 1447 1288 1927 1227 1682 1265 1831 1635 1198 1692 1107 1719 1950 1076 1041 1579 1341 1831 1712 1867 1288 1335 1010 1167 1328 1189 1221 BCNSPRNW ULIB Ver.6.0+V

เปลี่ยนเป็นภาษาไทย

Change to English
 แสดงรายละเอียดบรรณานุกรม
  กลับหน้าหลัก

Brief Record : Get Marc (ISO 2709) : E-mail record : QR code < ปิดหน้าต่าง
LEADER : 00000nam 2200000uu 4500
001    13399111649
003     ULIB
008    110704s2549||||th 000 0 tha d
050  0 BQ4570^bส852ว 2549
100 0  สุรวัฒน์ เสรีวิวัฒนา
245 10 วิถีแห่งความรู้แจ้ง /^cสุรวัฒน์ เสรีวิวัฒนา
250    พิมพ์ครั้งที่ 1
260    กรุงเทพ :^bสำนักพิมพ์ธรรมดา,^c2549
300    95 หน้า
650  7 กรรมฐาน
650  7 การเจริญจิต
650  7 การดูจิต
650  7 การปฏิบัติธรรม
650  7 ธรรมกับชีวิตประจำวัน
650  7 วิปัสสนา
650  7 สติปัฏฐาน
945    ^p0^l0^i023446
995    ทศพร
999 ^a ใช้งานได้ทุกระบบ
รายการนี้ยังไม่มีแท็ก
คุณยังไม่ได้ล็อกอิน คุณสามารถมีกิจกรรมร่วมกับเว็บไซต์ได้ แต่ต้องล็อกอินก่อน ::
  ล็อกอิน

รายการสื่อสารสนเทศ

ลำดับที่ ประเภท เลขเรียก/บาร์โค้ด สถานที่ สถานะ
- ไม่พบข้อมูล -

รายการใกล้เคียง
    ผู้แต่ง [สุรวัฒน์ เสรีวิวัฒนา]

    หัวเรื่อง [กรรมฐาน]
    หัวเรื่อง [การปฏิบัติธรรม]
    หัวเรื่อง [ธรรมกับชีวิตประจำวัน]
    หัวเรื่อง [วิปัสสนา]

BibComment


ยังไม่เคยถูกคอมเมนท์

คอมเมนท์ทรัพยากรรายการนี้
  คอมเมนท์: วิถีแห่งความรู้แจ..


 Copyright 2026. Bcnsprnw @Library